[Event "Schachfestival Basel"]
[Site "?"]
[Date "2017.01.03"]
[Round "3.45"]
[White "Wagner, Benjamin"]
[Black "Roe, Simon J"]
[Result "0-1"]
[WhiteElo "1926"]
[BlackElo "2211"]
[PlyCount "80"]
[EventDate "2017.01.??"]
[EventType "swiss"]
[EventRounds "9"]

1. e4 Nf6 2. e5 Nd5 3. d4 d6 4. c4 Nb6 5. exd6 exd6 6. Nc3 Be7 7. h3 Nc6 8. Nf3
Bf5 9. Be3 Bf6 10. Be2 O-O 11. O-O h6 12. Rc1 Re8 13. b3 Bg6 14. Re1 d5 15. c5
Nc8 16. Bd3 N8e7 17. Bxg6 Nxg6 18. Qd3 Qd7 19. Rb1 Nd8 20. b4 Ne6 21. Ne2 Ng5
22. Nxg5 hxg5 23. b5 g4 24. hxg4 Qxg4 25. a4 Nh4 26. Ng3 Re6 27. Rb3 Rae8 28.
Qe2 Qg6 29. Qd3 Re4 30. Rd1 Rxe3 31. fxe3 Qxg3 32. Qe2 Bg5 33. Rdd3 Re4 34. a5
Nxg2 35. Qf2 Qh3 36. b6 cxb6 37. a6 bxa6 38. c6 Nxe3 39. Rxe3 Bxe3 40. Rxe3
Rg4+ 0-1

[Event "Schachfestival Basel"]
[Site "?"]
[Date "2017.01.03"]
[Round "3.46"]
[White "Schleich, Markus"]
[Black "Probst, Andreas"]
[Result "1/2-1/2"]
[WhiteElo "2196"]
[BlackElo "2093"]
[PlyCount "30"]
[EventDate "2017.01.??"]
[EventType "swiss"]
[EventRounds "9"]

1. e4 c5 2. Nf3 e6 3. g3 Nc6 4. Bg2 g6 5. O-O Bg7 6. c3 d5 7. d3 Nge7 8. Qe2 h6
9. e5 g5 10. h3 b6 11. d4 a5 12. Re1 Ba6 13. Qd1 Rc8 14. Na3 cxd4 15. cxd4 b5
1/2-1/2

[Event "Schachfestival Basel"]
[Site "?"]
[Date "2017.01.03"]
[Round "3.47"]
[White "Brait, Wolfgang"]
[Black "Muetsch, Annmarie"]
[Result "1/2-1/2"]
[WhiteElo "1923"]
[BlackElo "2163"]
[PlyCount "116"]
[EventDate "2017.01.??"]
[EventType "swiss"]
[EventRounds "9"]

1. d4 Nf6 2. c4 e6 3. Nc3 Bb4 4. Qc2 b6 5. Bg5 Bb7 6. f3 d5 7. e3 O-O 8. a3
Bxc3+ 9. Qxc3 Nbd7 10. c5 c6 11. b4 Re8 12. f4 Qc8 13. Nf3 Ne4 14. Qc2 a5 15.
Rb1 axb4 16. axb4 Ra3 17. Rb3 Qa8 18. Bd3 Rxb3 19. Qxb3 Qa1+ 20. Qb1 Qc3+ 21.
Ke2 Qa3 22. Bxe4 dxe4 23. Nd2 Ba6+ 24. Kf2 f6 25. Bh4 g5 26. fxg5 fxg5 27. Bxg5
Rf8+ 28. Kg3 Rf5 29. Bf4 Nf6 30. Qb3 Qxb3 31. Nxb3 bxc5 32. bxc5 Nh5+ 33. Kg4
Be2+ 34. Kh3 Nxf4+ 35. exf4 Rxf4 36. Re1 Bd3 37. Kg3 Rf5 38. Nd2 e5 39. Nxe4
exd4 40. Kg4 Bxe4 41. Rxe4 Rd5 42. Kf3 d3 43. Re1 Rxc5 44. Rd1 Rc3 45. Ke3 Rc2
46. Kf3 d2 47. Ke2 Kf7 48. Rxd2 Rxd2+ 49. Kxd2 Ke6 50. g4 Ke5 51. Ke3 c5 52. h3
c4 53. h4 c3 54. h5 h6 55. Kd3 Kf4 56. Kxc3 Kxg4 57. Kd3 Kxh5 58. Ke3 Kg4
1/2-1/2

[Event "Schachfestival Basel"]
[Site "?"]
[Date "2017.01.03"]
[Round "3.48"]
[White "Yakimenko, Alexander"]
[Black "Kutschenko, Roland"]
[Result "1-0"]
[WhiteElo "2242"]
[BlackElo "2101"]
[PlyCount "45"]
[EventDate "2017.01.??"]
[EventType "swiss"]
[EventRounds "9"]

1. e4 e5 2. f4 d5 3. exd5 e4 4. Nc3 Nf6 5. Bc4 Bc5 6. d4 Bb4 7. Nge2 Nxd5 8.
O-O Nf6 9. f5 b6 10. Bg5 Bb7 11. Ng3 Bxc3 12. bxc3 Qd6 13. Nh5 Nxh5 14. Bxf7+
Kxf7 15. Qxh5+ Kf8 16. f6 g6 17. Qh6+ Kf7 18. Qg7+ Ke6 19. Qxh8 Nd7 20. Qxh7
Nf8 21. Qg7 Kd5 22. Qf7+ Kc6 23. Bf4 1-0

[Event "Schachfestival Basel"]
[Site "?"]
[Date "2017.01.03"]
[Round "3.49"]
[White "Pfatteicher, Lukas"]
[Black "Graeber, Fabien"]
[Result "1/2-1/2"]
[WhiteElo "2216"]
[BlackElo "2073"]
[PlyCount "142"]
[EventDate "2017.01.??"]
[EventType "swiss"]
[EventRounds "9"]

1. Nf3 Nf6 2. c4 c6 3. Nc3 d5 4. e3 e6 5. Qc2 Bd6 6. b3 O-O 7. Bb2 b6 8. Be2
Bb7 9. Rg1 c5 10. O-O-O Nc6 11. d4 cxd4 12. Nxd4 Nb4 13. Qd2 Rc8 14. Kb1 Qe7
15. Ndb5 Bb8 16. a3 Na6 17. cxd5 exd5 18. Qd4 Nc5 19. b4 Ne6 20. Qh4 Rfe8 21.
Bd3 a6 22. Nd4 Nxd4 23. exd4 Ne4 24. Qxe7 Rxe7 25. Rc1 Rce8 26. f3 Nd2+ 27. Ka2
Re3 28. Bc2 Nc4 29. Rgf1 g6 30. g3 Bd6 31. Rf2 a5 32. bxa5 bxa5 33. Bb3 Rc8 34.
Nb5 Bf8 35. a4 Ba6 36. Na3 Nxa3 37. Rxc8 Bxc8 38. Bxa3 Bxa3 39. Kxa3 Ba6 40.
Kb2 Bc4 41. Bxc4 dxc4 42. d5 Kf8 43. Rc2 Rb3+ 44. Ka2 Rb4 45. Re2 c3 46. d6
Rxa4+ 47. Kb3 Rd4 48. Kxc3 Rxd6 49. Kc4 Re6 50. Rxe6 fxe6 51. Kb5 Ke7 52. Kxa5
Kd6 53. Kb4 Ke5 54. Kc5 g5 55. Kc4 h5 56. Kc3 Kf5 57. Kd4 e5+ 58. Ke3 g4 59.
Kf2 Kg5 60. Ke2 Kf5 61. Ke3 Kg5 62. Ke4 gxf3 63. Kxf3 Kf5 64. h3 e4+ 65. Kf2
Ke6 66. Ke3 Ke5 67. g4 hxg4 68. hxg4 Kd5 69. g5 Ke5 70. g6 Kf6 71. Kxe4 Kxg6
1/2-1/2

[Event "Schachfestival Basel"]
[Site "?"]
[Date "2017.01.03"]
[Round "3.50"]
[White "Lorscheid, Gerhard"]
[Black "Ditzler, Juerg"]
[Result "1-0"]
[WhiteElo "2203"]
[BlackElo "2052"]
[PlyCount "71"]
[EventDate "2017.01.??"]
[EventType "swiss"]
[EventRounds "9"]

1. d4 g6 2. e4 Bg7 3. Nc3 d6 4. Nge2 Nc6 5. Be3 e5 6. h3 exd4 7. Nxd4 Nge7 8.
g4 O-O 9. Bg2 f5 10. Nxc6 Nxc6 11. exf5 gxf5 12. Qd2 fxg4 13. O-O-O Ne5 14.
hxg4 Bxg4 15. Bxb7 Bf3 16. Bxf3 Rxf3 17. Qd5+ Rf7 18. Ne4 c6 19. Qxd6 Qxd6 20.
Nxd6 Rd7 21. Nf5 Rxd1+ 22. Rxd1 Ng6 23. Nxg7 Kxg7 24. Rd7+ Kg8 25. Bd4 c5 26.
Bxc5 Ne5 27. Rxa7 Rc8 28. Bd4 Nf7 29. c3 h6 30. a4 Rc6 31. Ra5 Kh7 32. Rb5 Kg6
33. Rb6 Rxb6 34. Bxb6 Nd6 35. a5 h5 36. Bd8 1-0

[Event "Schachfestival Basel"]
[Site "?"]
[Date "2017.01.03"]
[Round "3.51"]
[White "Fehr, Axel"]
[Black "Ernst, Heinz"]
[Result "1/2-1/2"]
[WhiteElo "2148"]
[BlackElo "1998"]
[PlyCount "119"]
[EventDate "2017.01.??"]
[EventType "swiss"]
[EventRounds "9"]

1. c4 e6 2. Nf3 d5 3. d4 Nf6 4. g3 c5 5. cxd5 exd5 6. Bg2 Nc6 7. O-O Be7 8. Nc3
O-O 9. dxc5 Bxc5 10. Bf4 Bf5 11. Rc1 Bb6 12. Na4 h6 13. Ne5 Rc8 14. a3 Re8 15.
Nxc6 bxc6 16. b4 Ne4 17. Nxb6 Qxb6 18. Be3 Qb5 19. Bxe4 Rxe4 20. Rc5 Qb7 21.
Bd4 Bh3 22. Re1 Rce8 23. e3 Qd7 24. f3 R4e6 25. Ra5 Rg6 26. Qd3 h5 27. Rxa7 Qd6
28. Kf2 h4 29. Rg1 f5 30. f4 Qe6 31. Be5 Kh7 32. Qd4 Rg8 33. Qc5 Rg4 34. Qd6
Qe8 35. a4 Rg6 36. Qe7 Qxe7 37. Rxe7 Ra8 38. a5 c5 39. Bc3 cxb4 40. Bxb4 Rb8
41. Bc3 Rc8 42. Bd2 Rc2 43. Ke2 Ra2 44. Kd3 Bg4 45. Rc1 hxg3 46. hxg3 Bf3 47.
Be1 Be4+ 48. Kd4 Re2 49. a6 Rxa6 50. Bc3 Ra4+ 51. Ke5 Rxe3 52. Bd2 Rxg3 53.
Rcc7 Rc4 54. Rcd7 Rc6 55. Be1 Rgg6 56. Bh4 d4 57. Kxd4 Rgd6+ 58. Ke5 Rxd7 59.
Rxd7 Ra6 60. Bg5 1/2-1/2

[Event "Schachfestival Basel"]
[Site "?"]
[Date "2017.01.03"]
[Round "3.52"]
[White "Kopylov, Daniel"]
[Black "Schweizer, Simon"]
[Result "0-1"]
[WhiteElo "2003"]
[BlackElo "2131"]
[PlyCount "82"]
[EventDate "2017.01.??"]
[EventType "swiss"]
[EventRounds "9"]

1. e4 c5 2. Nf3 d6 3. d4 cxd4 4. Nxd4 Nf6 5. Nc3 g6 6. Be3 Bg7 7. f3 O-O 8. Qd2
Nc6 9. g4 Nxd4 10. Bxd4 Be6 11. h4 Qa5 12. h5 Rfc8 13. hxg6 hxg6 14. a3 a6 15.
Rd1 b5 16. Nd5 Qxd2+ 17. Rxd2 Bxd5 18. exd5 Nd7 19. Bxg7 Kxg7 20. Rdh2 Ne5 21.
Rh7+ Kf6 22. f4 Nxg4 23. Bh3 Ne3 24. Bxc8 Rxc8 25. c3 Nxd5 26. Rh8 Rc4 27. Ra8
Rc6 28. Rh7 Rc7 29. Rxa6 Nxf4 30. Kd2 Rc5 31. Ra8 Rf5 32. Ra5 Rd5+ 33. Ke3 g5
34. Rh2 Kf5 35. c4 Rd3+ 36. Kf2 g4 37. Rxb5+ e5 38. Rh8 g3+ 39. Ke1 Ke4 40.
Rhb8 Re3+ 41. Kd1 g2 0-1

[Event "Schachfestival Basel"]
[Site "?"]
[Date "2017.01.02"]
[Round "1.29"]
[White "Engel, Luis"]
[Black "Schweizer, Simon"]
[Result "1-0"]
[WhiteElo "2373"]
[BlackElo "2131"]
[PlyCount "79"]
[EventDate "2017.01.??"]
[EventType "swiss"]
[EventRounds "9"]

1. e4 e5 2. Nf3 Nc6 3. Nc3 Nf6 4. d4 exd4 5. Nxd4 Bb4 6. Nxc6 bxc6 7. Bd3 O-O
8. O-O d5 9. exd5 cxd5 10. h3 c6 11. Qf3 Re8 12. Bf4 Bd6 13. Rfe1 Be6 14. Rad1
Bxf4 15. Qxf4 Qb8 16. Qf3 Nd7 17. b3 g6 18. Na4 Qb4 19. c3 Qa3 20. Re2 Nb6 21.
Nxb6 axb6 22. Rde1 b5 23. h4 Qf8 24. h5 Qg7 25. Bb1 Bd7 26. g3 Rxe2 27. Rxe2
Re8 28. Rxe8+ Bxe8 29. Qe3 Kf8 30. Qc5+ Kg8 31. Qe7 Qf8 32. Qd8 f5 33. a4 bxa4
34. bxa4 Kf7 35. a5 Qe7 36. Qb6 c5 37. a6 Qe6 38. Qb7+ Qd7 39. Bc2 Ke6 40. Qb8
1-0

[Event "Schachfestival Basel"]
[Site "?"]
[Date "2017.01.04"]
[Round "4.1"]
[White "Deepan Chakkravarthy, J."]
[Black "Svane, Rasmus"]
[Result "1/2-1/2"]
[WhiteElo "2485"]
[BlackElo "2560"]
[PlyCount "56"]
[EventDate "2017.01.??"]
[EventType "swiss"]
[EventRounds "9"]

1. e4 e6 2. d4 d5 3. Nd2 c5 4. Ngf3 cxd4 5. Nxd4 Nf6 6. exd5 Nxd5 7. N2f3 Bb4+
8. Bd2 O-O 9. Be2 Bd7 10. c4 Bxd2+ 11. Qxd2 Nf6 12. O-O Nc6 13. Nb5 Ne7 14. Nd6
Bc6 15. Rfd1 Qc7 16. Qb4 Rad8 17. Qa3 Ng6 18. c5 a6 19. b4 Ne4 20. Nxe4 Bxe4
21. Qe3 Bd5 22. Bf1 Ne7 23. Ne5 Nc6 24. Nxc6 Bxc6 25. Qb3 Bd5 26. Qe3 Bc6 27.
Qb3 Bd5 28. Qe3 Bc6 1/2-1/2

[Event "Schachfestival Basel"]
[Site "?"]
[Date "2017.01.04"]
[Round "4.2"]
[White "Donchenko, Alexander"]
[Black "Low, Zhen Yu Cyrus"]
[Result "1-0"]
[WhiteElo "2559"]
[BlackElo "2245"]
[PlyCount "159"]
[EventDate "2017.01.??"]
[EventType "swiss"]
[EventRounds "9"]

1. Nf3 Nf6 2. c4 g6 3. Nc3 d5 4. cxd5 Nxd5 5. h4 Bg7 6. e4 Nxc3 7. dxc3 Qxd1+
8. Kxd1 Nd7 9. Nd4 c6 10. Be3 O-O 11. Kc2 Rd8 12. a4 e5 13. Nb3 Nf8 14. h5 Ne6
15. hxg6 hxg6 16. a5 Bf6 17. Bc4 Be7 18. Rh2 Bf6 19. Rah1 Nf8 20. Be2 Be6 21.
Nc5 Bc8 22. Nb3 Be6 23. Nd2 Nd7 24. Nf3 Bg4 25. Bc4 Bxf3 26. gxf3 b6 27. Rg2 b5
28. Ba2 Nf8 29. a6 Rd7 30. Rgg1 Rad8 31. Rd1 Be7 32. Rxd7 Nxd7 33. Rd1 Nb8 34.
Ra1 Kg7 35. Bb3 Rd7 36. f4 exf4 37. Bxf4 Bd6 38. Be3 Rc7 39. Rd1 Be5 40. f4 Bf6
41. e5 Bh4 42. Rh1 Bd8 43. f5 gxf5 44. Rg1+ Kh7 45. e6 fxe6 46. Bxe6 Bf6 47.
Bxf5+ Kh8 48. Bf4 Nxa6 49. Bxc7 Nxc7 50. Rg6 Be5 51. Rxc6 Kg7 52. Bd7 Kf7 53.
Rc5 Bd6 54. Rf5+ Kg6 55. Rf1 a5 56. Ra1 a4 57. c4 bxc4 58. Rxa4 Nd5 59. Be6 Nb6
60. Ra6 Bc5 61. Bxc4 Kf6 62. b4 Bf2 63. Kd3 Ke5 64. Ra2 Bh4 65. Rh2 Bd8 66. Rh8
Be7 67. Rh6 Bf6 68. Bb3 Nc8 69. b5 Nb6 70. Kc3 Nd7 71. Kb4 Be7+ 72. Ka5 Bd8+
73. Ka4 Bf6 74. Bf7 Kf5 75. Rh5+ Ke4 76. Be6 Nb8 77. Rd5 Bd4 78. Ka5 Bf2 79.
Rd8 Ba7 80. Bd5+ 1-0

[Event "Schachfestival Basel"]
[Site "?"]
[Date "2017.01.04"]
[Round "4.3"]
[White "Karthikeyan, P."]
[Black "Safarli, Eltaj"]
[Result "0-1"]
[WhiteElo "2488"]
[BlackElo "2686"]
[PlyCount "104"]
[EventDate "2017.01.??"]
[EventType "swiss"]
[EventRounds "9"]

1. Nf3 c5 2. c4 Nc6 3. d4 cxd4 4. Nxd4 Nf6 5. Nc3 e6 6. Bg5 Be7 7. e3 Qa5 8.
Ndb5 O-O 9. a3 d5 10. b4 Qd8 11. cxd5 Nxd5 12. Bxe7 Ncxe7 13. Nxd5 Nxd5 14. Bc4
Bd7 15. Nd4 Nb6 16. Bd3 e5 17. Nf5 Ba4 18. Bc2 Qxd1+ 19. Bxd1 Rfd8 20. Bxa4
Nxa4 21. e4 Nc3 22. f3 Rd3 23. O-O g6 24. Nh6+ Kg7 25. Ng4 f6 26. Rfe1 h5 27.
Re3 Rad8 28. Rxd3 Rxd3 29. Nf2 Re3 30. Kf1 Nb5 31. Rd1 Rxa3 32. Rd7+ Kh6 33.
Rxb7 Ra1+ 34. Ke2 Nd4+ 35. Kd3 Ra2 36. Nd1 Rxg2 37. Rxa7 Rxh2 38. Ra6 Kg5 39.
f4+ exf4 40. b5 Nf3 41. Kc3 Rd2 42. Nb2 Rd8 43. Nd3 h4 44. Nf2 Rc8+ 45. Rc6 Rb8
46. b6 Ne5 47. Rd6 Rb7 48. Kd4 Nd7 49. Rd5+ Kh6 50. Ng4+ Kg7 51. Rd6 h3 52. e5
Nxe5 0-1

[Event "Schachfestival Basel"]
[Site "?"]
[Date "2017.01.04"]
[Round "4.4"]
[White "Korpa, Bence"]
[Black "Abasov, Nijat Azad"]
[Result "1/2-1/2"]
[WhiteElo "2473"]
[BlackElo "2561"]
[PlyCount "38"]
[EventDate "2017.01.??"]
[EventType "swiss"]
[EventRounds "9"]

1. Nf3 Nf6 2. g3 d5 3. Bg2 e6 4. O-O Be7 5. d4 b5 6. a4 b4 7. c4 bxc3 8. Nxc3
Nbd7 9. Ne5 Nxe5 10. dxe5 Nd7 11. e4 Ba6 12. exd5 Bxf1 13. Qxf1 exd5 14. Bxd5
Rb8 15. e6 fxe6 16. Bxe6 Nc5 17. Bd5 Nb3 18. Rb1 Nxc1 19. Rxc1 Rxb2 1/2-1/2

[Event "Schachfestival Basel"]
[Site "?"]
[Date "2017.01.04"]
[Round "4.5"]
[White "Bai, Jinshi"]
[Black "Collins, Sam"]
[Result "1-0"]
[WhiteElo "2560"]
[BlackElo "2455"]
[PlyCount "33"]
[EventDate "2017.01.??"]
[EventType "swiss"]
[EventRounds "9"]

1. d4 Nf6 2. c4 e6 3. Nf3 d5 4. g3 Be7 5. Bg2 O-O 6. O-O dxc4 7. Qc2 a6 8. a4
Bd7 9. Rd1 Bc6 10. Nc3 a5 11. e4 b6 12. d5 exd5 13. e5 Na6 14. exf6 Bxf6 15.
Nxd5 Bxd5 16. Ng5 Bxg5 17. Rxd5 1-0

[Event "Schachfestival Basel"]
[Site "?"]
[Date "2017.01.04"]
[Round "4.6"]
[White "Akshat, Kamparia"]
[Black "Schroeder, Jan Christian"]
[Result "1/2-1/2"]
[WhiteElo "2358"]
[BlackElo "2550"]
[PlyCount "53"]
[EventDate "2017.01.??"]
[EventType "swiss"]
[EventRounds "9"]

1. d4 e6 2. c4 d5 3. Nc3 Bb4 4. a3 Bxc3+ 5. bxc3 Nf6 6. f3 c6 7. e4 dxe4 8.
fxe4 e5 9. Nf3 Qa5 10. Bd2 Nxe4 11. Nxe5 O-O 12. Bd3 Nxd2 13. Kxd2 Nd7 14. Re1
Re8 15. Qh5 g6 16. Nxd7 gxh5 17. Rxe8+ Kg7 18. Ne5 Qc7 19. Rf1 f6 20. Nf3 Rb8
21. Rfe1 Kf7 22. h3 b6 23. c5 bxc5 24. Bc4+ Kg6 25. Bd3+ Kf7 26. Bc4+ Kg6 27.
Bd3+ 1/2-1/2

[Event "Schachfestival Basel"]
[Site "?"]
[Date "2017.01.04"]
[Round "4.7"]
[White "Gao, Rui"]
[Black "Beukema, Jasper"]
[Result "1-0"]
[WhiteElo "2544"]
[BlackElo "2182"]
[PlyCount "83"]
[EventDate "2017.01.??"]
[EventType "swiss"]
[EventRounds "9"]

1. e4 e5 2. Nf3 Nc6 3. Bb5 Nge7 4. c3 d5 5. Nxe5 dxe4 6. Qe2 Qd5 7. Nxc6 Nxc6
8. d4 Bd6 9. Bc4 Qf5 10. Nd2 O-O 11. Nxe4 Qg6 12. Nxd6 cxd6 13. O-O Bg4 14. Qd3
Qh5 15. Qg3 Rad8 16. Re1 d5 17. Bd3 Rfe8 18. Bf4 Re6 19. Rxe6 fxe6 20. Re1 Rf8
21. Bd2 Bf5 22. Bf1 Qf7 23. Qd6 h6 24. f3 Kh7 25. a4 Na5 26. Qb4 Nc6 27. Qc5 g5
28. Qd6 Na5 29. Qg3 Nc4 30. Bc1 Rc8 31. h4 gxh4 32. Qxh4 Qg7 33. Kf2 Nd6 34.
Bf4 Qf8 35. Qh2 Nc4 36. Bxc4 dxc4 37. Rh1 Bg6 38. Bxh6 Qf5 39. Bf8+ Kg8 40.
Qh8+ Kf7 41. Qg7+ Ke8 42. Qe7# 1-0

[Event "Schachfestival Basel"]
[Site "?"]
[Date "2017.01.04"]
[Round "4.8"]
[White "Chu, Wei Chao"]
[Black "Bellahcene, Bilel"]
[Result "1-0"]
[WhiteElo "2289"]
[BlackElo "2493"]
[PlyCount "93"]
[EventDate "2017.01.??"]
[EventType "swiss"]
[EventRounds "9"]

1. d4 d5 2. c4 e6 3. Nc3 Be7 4. Nf3 Nf6 5. Bg5 h6 6. Bh4 O-O 7. e3 b6 8. cxd5
Nxd5 9. Bxe7 Qxe7 10. Nxd5 exd5 11. Be2 Be6 12. O-O c5 13. Qa4 c4 14. Ne5 a6
15. f4 Bf5 16. Bf3 b5 17. Qa5 Qd8 18. Qb4 Ra7 19. Qc5 Rc7 20. Qxd5 Qc8 21. Be4
Bxe4 22. Qxe4 f6 23. Qd5+ Kh7 24. Qe4+ Kg8 25. Nf3 Re8 26. Qd5+ Kh7 27. Rae1 c3
28. bxc3 Rxc3 29. e4 Nc6 30. e5 Rd8 31. Qf7 Nxd4 32. Nxd4 Rxd4 33. exf6 Rd7 34.
Qe6 Rc6 35. Qe4+ g6 36. Qe5 Rf7 37. f5 g5 38. Qe6 Qc7 39. Kh1 Rd6 40. h3 Rxf6
41. Qe8 Rf7 42. f6 Qc4 43. Rf3 Rdd7 44. Rfe3 Rd6 45. Re4 Qxa2 46. Re6 Rxe6 47.
Qxf7+ 1-0

[Event "Schachfestival Basel"]
[Site "?"]
[Date "2017.01.04"]
[Round "4.9"]
[White "Heimann, Andreas"]
[Black "Stillger, Bernhard"]
[Result "1-0"]
[WhiteElo "2603"]
[BlackElo "2261"]
[PlyCount "49"]
[EventDate "2017.01.??"]
[EventType "swiss"]
[EventRounds "9"]

1. Nf3 Nf6 2. c4 e6 3. d4 d5 4. Nc3 c5 5. cxd5 cxd4 6. Qxd4 exd5 7. e4 Nc6 8.
Bb5 dxe4 9. Qxd8+ Kxd8 10. Ng5 Be6 11. O-O Bb4 12. Ncxe4 Nxe4 13. Nxe4 a6 14.
Rd1+ Ke7 15. Bxc6 bxc6 16. a3 Ba5 17. b4 Bb6 18. Re1 Rhd8 19. Bg5+ f6 20. Rac1
Rac8 21. Be3 Bxe3 22. Rxe3 Kf7 23. Nc5 Bc4 24. h3 Rd4 25. Re4 1-0

[Event "Schachfestival Basel"]
[Site "?"]
[Date "2017.01.04"]
[Round "4.10"]
[White "Bauer, Christian"]
[Black "Bao, Qilin"]
[Result "1-0"]
[WhiteElo "2635"]
[BlackElo "2343"]
[PlyCount "135"]
[EventDate "2017.01.??"]
[EventType "swiss"]
[EventRounds "9"]

1. e4 e5 2. Nf3 Nf6 3. d3 Nc6 4. g3 Bc5 5. Bg2 O-O 6. O-O d6 7. Nc3 a6 8. h3
Ba7 9. Kh2 h6 10. Be3 Nd4 11. Bxd4 exd4 12. Ne2 c5 13. a4 Bb8 14. Nf4 Bd7 15.
Nd2 Bc7 16. Nb3 Bc6 17. a5 Re8 18. Re1 Rb8 19. Qd2 Bd7 20. c3 dxc3 21. bxc3 Bc6
22. c4 Qd7 23. Qc2 Bd8 24. Rab1 Qc7 25. Ne2 Nd7 26. d4 cxd4 27. Nexd4 Bf6 28.
f4 Nc5 29. Nxc6 bxc6 30. Nxc5 dxc5 31. e5 Be7 32. Qa4 Rec8 33. Rxb8 Qxb8 34. e6
Qb4 35. Qd1 Rd8 36. exf7+ Kxf7 37. Qe2 Bf6 38. Qe6+ Kf8 39. Bxc6 Qd2+ 40. Re2
Qd6 41. Bd5 Qxe6 42. Rxe6 Re8 43. Rxa6 Re2+ 44. Kh1 Ra2 45. Ra7 Ke8 46. a6 Kd8
47. h4 Bd4 48. Bc6 Kc8 49. Rf7 Kb8 50. Bb5 Bf6 51. g4 Bd4 52. g5 hxg5 53. hxg5
g6 54. Rb7+ Ka8 55. Re7 Ra1+ 56. Kg2 Ra2+ 57. Kf3 Ra3+ 58. Kg4 Bf2 59. Bc6+ Kb8
60. a7+ Rxa7 61. Rxa7 Kxa7 62. Be4 Kb6 63. Bxg6 Kc7 64. f5 Kd6 65. f6 Ke6 66.
Be4 Bd4 67. Bd5+ Kd7 68. Kf5 1-0

[Event "Schachfestival Basel"]
[Site "?"]
[Date "2017.01.04"]
[Round "4.11"]
[White "Heinz, Timothee"]
[Black "Van Foreest, Jorden"]
[Result "0-1"]
[WhiteElo "2346"]
[BlackElo "2612"]
[PlyCount "88"]
[EventDate "2017.01.??"]
[EventType "swiss"]
[EventRounds "9"]

1. d4 d5 2. c4 c6 3. cxd5 cxd5 4. Nc3 Nf6 5. Nf3 Nc6 6. Bf4 e6 7. e3 Bd6 8.
Bxd6 Qxd6 9. Bb5 O-O 10. Bxc6 bxc6 11. Na4 Ne4 12. Nd2 e5 13. O-O Qg6 14. Nxe4
dxe4 15. f3 Rd8 16. fxe4 Qxe4 17. Re1 Bg4 18. Nc3 Bxd1 19. Nxe4 Bc2 20. Ng3
exd4 21. exd4 Rxd4 22. Rac1 Bg6 23. Rxc6 h5 24. Rc5 Rd2 25. Nxh5 Rb8 26. Nf4
Rbxb2 27. h4 Rf2 28. Rf1 Rfc2 29. Rg5 Be4 30. a3 Bc6 31. Rd1 f6 32. Rg3 Kf7 33.
Rd4 a5 34. Nd5 a4 35. Ne3 Rc1+ 36. Kh2 Rbb1 37. Kh3 Rb3 38. Kh2 Rxa3 39. Rdg4
Raa1 40. Rxg7+ Ke6 41. R3g6 Rh1+ 42. Kg3 Ra3 43. Kf4 Rc3 44. Ra7 Rb1 0-1

[Event "Schachfestival Basel"]
[Site "?"]
[Date "2017.01.04"]
[Round "4.12"]
[White "Beeke, Bob"]
[Black "Kunin, Vitaly"]
[Result "0-1"]
[WhiteElo "2315"]
[BlackElo "2576"]
[PlyCount "60"]
[EventDate "2017.01.??"]
[EventType "swiss"]
[EventRounds "9"]

1. Nf3 c5 2. c4 Nc6 3. Nc3 e5 4. g3 g6 5. Bg2 Bg7 6. O-O Nge7 7. Ne1 d6 8. Nc2
Be6 9. Ne3 Qd7 10. Ned5 Rc8 11. d3 h6 12. Bd2 f5 13. Qc1 g5 14. f4 exf4 15.
gxf4 g4 16. Nxe7 Nxe7 17. Qe1 O-O 18. Rc1 d5 19. b3 d4 20. Nb1 Rfe8 21. Rc2 Ng6
22. Rb2 Bf7 23. a4 Re7 24. b4 Rce8 25. bxc5 Rxe2 26. Qd1 Nh4 27. Bxb7 Bh5 28.
Bd5+ Kh7 29. Rb7 Qd8 30. Rf2 Rxf2 0-1

[Event "Schachfestival Basel"]
[Site "?"]
[Date "2017.01.04"]
[Round "4.13"]
[White "Pelletier, Yannick"]
[Black "Warmerdam, Max"]
[Result "1/2-1/2"]
[WhiteElo "2576"]
[BlackElo "2350"]
[PlyCount "86"]
[EventDate "2017.01.??"]
[EventType "swiss"]
[EventRounds "9"]

1. c4 Nf6 2. Nc3 g6 3. e4 d6 4. d4 Bg7 5. Nf3 O-O 6. Be2 Na6 7. O-O e5 8. Be3
Ng4 9. Bg5 Qe8 10. dxe5 Nxe5 11. Nd4 Nc6 12. Ndb5 f5 13. exf5 Bxf5 14. Bf3 Qf7
15. Qd2 Nc5 16. Bd5 Be6 17. Be3 Bxd5 18. Nxd5 Ne6 19. Rae1 a6 20. Nbc3 Ne5 21.
b3 c6 22. Nb6 Rad8 23. h3 Nf4 24. Bxf4 Qxf4 25. Qxf4 Rxf4 26. Ne2 Re4 27. Ng3
Rxe1 28. Rxe1 d5 29. Rd1 d4 30. Ne4 Bf8 31. f4 Nf7 32. Kf2 Nd6 33. Nf6+ Kf7 34.
Nfd7 Bg7 35. Nc5 Re8 36. Nba4 Re3 37. Re1 b5 38. cxb5 cxb5 39. Nb2 Rc3 40. Nbd3
Rc2+ 41. Re2 Rc3 42. Re1 Rc2+ 43. Re2 Rc3 1/2-1/2

[Event "Schachfestival Basel"]
[Site "?"]
[Date "2017.01.04"]
[Round "4.14"]
[White "Antal, Tibor Kende"]
[Black "Faibisovich, Vadim Z"]
[Result "1-0"]
[WhiteElo "2420"]
[BlackElo "2320"]
[PlyCount "81"]
[EventDate "2017.01.??"]
[EventType "swiss"]
[EventRounds "9"]

1. e4 e5 2. Nf3 Nc6 3. Bb5 Nf6 4. d3 d6 5. c4 Be7 6. Nc3 O-O 7. h3 Nd4 8. Nxd4
exd4 9. Ne2 c6 10. Ba4 c5 11. O-O Nd7 12. Ng3 Nb6 13. Bc2 Be6 14. f4 f6 15. Bd2
Nd7 16. Qe2 Re8 17. Rae1 Bf8 18. h4 Kh8 19. h5 h6 20. Qf3 Qb6 21. Bc1 Qc6 22.
a4 b6 23. Bd1 a6 24. Nf5 b5 25. b3 bxa4 26. bxa4 Rab8 27. Nh4 Rb1 28. Ng6+ Kg8
29. Bc2 Rb7 30. Qg3 Bf7 31. Bd1 Rb1 32. Bd2 Rb2 33. Rf2 Reb8 34. e5 dxe5 35.
fxe5 fxe5 36. Rxf7 Kxf7 37. Bf3 Qf6 38. Bd5+ Ke8 39. Nxe5 Nxe5 40. Rxe5+ Kd8
41. Ba5+ 1-0

[Event "Schachfestival Basel"]
[Site "?"]
[Date "2017.01.04"]
[Round "4.15"]
[White "Thiel, Thomas"]
[Black "Kevlishvili, Robby"]
[Result "0-1"]
[WhiteElo "2297"]
[BlackElo "2417"]
[PlyCount "122"]
[EventDate "2017.01.??"]
[EventType "swiss"]
[EventRounds "9"]

1. e4 c5 2. Nc3 d6 3. f4 g6 4. Nf3 Bg7 5. Bc4 Nc6 6. O-O e6 7. d3 Nge7 8. Qe1
O-O 9. f5 gxf5 10. Qh4 fxe4 11. dxe4 Ng6 12. Qh5 Nce5 13. Bh6 Bxh6 14. Qxh6 Qf6
15. Be2 Qg7 16. Qxg7+ Kxg7 17. Rad1 Rd8 18. Nb5 Bd7 19. Nxd6 Bc6 20. h4 Rd7 21.
h5 Nxf3+ 22. Rxf3 Ne5 23. Rg3+ Kf8 24. Rc3 b6 25. Nc4 Rxd1+ 26. Bxd1 Rd8 27.
Bf3 Nxc4 28. Rxc4 Kg7 29. Kf2 Kh6 30. Ke3 Kg5 31. Rc3 Rd4 32. Ra3 Ra4 33. Rxa4
Bxa4 34. c3 e5 35. b4 Bd7 36. bxc5 bxc5 37. Be2 Be6 38. a3 f6 39. g3 Bf7 40.
Bb5 Kxh5 41. Bd7 Kg5 42. Bb5 Kg4 43. Kf2 Kh3 44. Bd7+ Kh2 45. Bb5 Bg6 46. Bd3
Bh5 47. Bb5 Bd1 48. Bd7 Bh5 49. Bb5 Bg4 50. Bd3 a5 51. Bc2 h6 52. Bd3 Bd1 53.
Bb5 Bc2 54. Bc6 f5 55. exf5 Bxf5 56. Bd5 e4 57. g4 Bxg4 58. Bxe4 Kh3 59. Bd5
Kh4 60. Bf7 Kg5 61. Ke3 Kf6 0-1

[Event "Schachfestival Basel"]
[Site "?"]
[Date "2017.01.04"]
[Round "4.16"]
[White "Seul, Georg"]
[Black "Schmitz, Thorsten"]
[Result "1-0"]
[WhiteElo "2405"]
[BlackElo "2314"]
[PlyCount "67"]
[EventDate "2017.01.??"]
[EventType "swiss"]
[EventRounds "9"]

1. e4 d5 2. exd5 Nf6 3. d4 Bg4 4. Bb5+ c6 5. dxc6 Nxc6 6. Nf3 Qb6 7. Nc3 O-O-O
8. Bxc6 Qxc6 9. h3 Bxf3 10. Qxf3 Qxf3 11. gxf3 Rxd4 12. Be3 Rd7 13. Bxa7 g6 14.
Be3 Bg7 15. Ke2 Nd5 16. Nxd5 Rxd5 17. c3 Rb5 18. b4 Kb8 19. Rac1 Rc8 20. a4 Rh5
21. c4 e5 22. Rhd1 Bh6 23. Rd7 Bxe3 24. Kxe3 f5 25. c5 Rxh3 26. b5 e4 27. c6
Rxf3+ 28. Ke2 bxc6 29. b6 Rb3 30. a5 c5 31. Rcd1 c4 32. Rxh7 Rd3 33. a6 Rxd1
34. a7+ 1-0